[Event "Seville op 49th"]
[Site "Seville"]
[Date "2024.01.14"]
[Round "3"]
[White "Romero Romero, Sebastian"]
[Black "Zylka, Stanislaw"]
[Result "1/2-1/2"]
[WhiteElo "2143"]
[BlackElo "2411"]
[PlyCount "114"]
[EventDate "2024.01.12"]
[EventType "swiss"]
[EventRounds "9"]
[EventCountry "ESP"]
[SourceTitle "CB04_2024"]
[SourceDate "2023.10.16"]
[SourceVersion "1"]
[SourceVersionDate "2023.10.16"]
[SourceQuality "1"]

1. e4 g6 2. d4 Bg7 3. Nc3 d6 4. h3 a6 5. Nf3 b5 6. Be3 Bb7 7. Bd3 Nd7 8. Ne2 Ngf6 9. Ng3 0-0 10. 0-0 Nb6 11. Re1 Nfd7 12. c3 Rc8 13. Nh2 c5 14. Ng4 cxd4 15. cxd4 Nc4 16. Bxc4 Rxc4 17. b3 Rc8 18. Qd2 Nf6 19. Bh6 Nxg4 20. Bxg7 Kxg7 21. hxg4 Qb6 22. Re3 e5 23. Ne2 Kg8 24. Rd1 b4 25. Rh3 Rc7 26. f3 a5 27. Kh2 Ba6 28. Ng3 exd4 29. Nf5 f6 30. Nxd4 d5 31. Qf4 Rd7 32. e5 Re7 33. exf6 Rxf6 34. Qg3 Rf8 35. g5 Rfe8 36. Rh4 Qc7 37. Qxc7 Rxc7 38. Rf4 Re5 39. Rf6 Bc8 40. f4 Re3 41. Rd2 Bg4 42. Nc6 Re6 43. Rxe6 Bxe6 44. Nd4 Kf7 45. Kg3 Bd7 46. f5 Bxf5 47. Nxf5 gxf5 48. Rxd5 Kg6 49. Kf4 Rc2 50. Rxa5 Rf2+ 51. Kg3 Rd2 52. Ra7 Kxg5 53. Rxh7 Rxa2 54. Rb7 Rc2 55. Rxb4 Rc3+ 56. Kh2 f4 57. Rb8 Rc2 1/2-1/2

[Event "Seville op 45th"]
[Site "Seville"]
[Date "2020.01.12"]
[Round "3"]
[White "Romero Romero, Sebastian"]
[Black "Ravi, Teja Sanka"]
[Result "0-1"]
[WhiteElo "2122"]
[BlackElo "2464"]
[PlyCount "64"]
[EventDate "2020.01.10"]
[EventType "swiss"]
[EventRounds "9"]
[EventCountry "ESP"]
[SourceTitle "CBM 194 Extra"]
[Source "ChessBase"]
[SourceDate "2020.03.31"]
[SourceVersion "1"]
[SourceVersionDate "2020.03.31"]
[SourceQuality "1"]

1. e4 c6 2. Nf3 d5 3. Nc3 dxe4 4. Nxe4 Nf6 5. Qe2 Nxe4 6. Qxe4 Qa5 7. Qf4 Qf5 8. Qe3 Qe6 9. b3 Qxe3+ 10. fxe3 c5 11. Bb2 Nc6 12. 0-0-0 e6 13. d4 Bd7 14. Bc4 f6 15. d5 exd5 16. Bxd5 0-0-0 17. e4 Bd6 18. Rhe1 Rhe8 19. Kb1 Kc7 20. h3 Bg3 21. Re2 Nb4 22. Bc4 b5 23. Bf7 Rf8 24. a3 Rxf7 25. axb4 cxb4 26. Red2 Re8 27. e5 fxe5 28. Ng5 Rfe7 29. Ne4 Bf4 30. Rd5 Bc6 31. g3 Bh6 32. Rc5 Be3 0-1

[Event "ESP-ch rapid"]
[Site "Linares"]
[Date "2019.08.24"]
[Round "3"]
[White "Romero Romero, Sebastian"]
[Black "Moreno Trujillo, Alejandro"]
[Result "0-1"]
[WhiteElo "2177"]
[BlackElo "2519"]
[PlyCount "154"]
[EventDate "2019.08.24"]
[EventType "swiss (rapid)"]
[EventRounds "9"]
[EventCountry "ESP"]
[SourceTitle "EXT 2020"]
[Source "ChessBase"]
[SourceDate "2019.10.17"]
[SourceVersion "1"]
[SourceVersionDate "2019.10.17"]
[SourceQuality "1"]

1. e4 e6 2. Qe2 c5 3. Nf3 Nc6 4. g3 g6 5. Bg2 Bg7 6. 0-0 Nf6 7. c3 d5 8. d3 0-0 9. Re1 b6 10. e5 Nd7 11. d4 Re8 12. Bg5 f6 13. exf6 Bxf6 14. Qd2 Bb7 15. Na3 cxd4 16. Nb5 dxc3 17. bxc3 Nc5 18. Bxf6 Qxf6 19. Nc7 Ne4 20. Qh6 Rf8 21. Nxa8 Bxa8 22. Qe3 Bb7 23. h4 Bc8 24. Ng5 Nc5 25. Rad1 Na5 26. Qd4 h6 27. Qxf6 Rxf6 28. Nh3 Kf7 29. Nf4 g5 30. hxg5 hxg5 31. Nd3 Na4 32. Ne5+ Kg7 33. c4 Nb2 34. Rd4 Nbxc4 35. Bf1 Nxe5 36. Rxe5 Nc6 37. Rxg5+ Kh6 38. Rg8 Nxd4 39. Rxc8 e5 40. Rd8 Nf3+ 41. Kg2 d4 42. Be2 Ng5 43. a4 Kg7 44. Bc4 Rc6 45. Bb5 Rc7 46. f4 Rc2+ 47. Kf1 exf4 48. gxf4 Ne6 49. Rd7+ Kf6 50. Rxa7 Nxf4 51. Rb7 Nd5 52. Ke1 Ke5 53. Rb8 Rb2 54. Re8+ Kd6 55. Rd8+ Kc5 56. Rc8+ Kb4 57. Rc4+ Ka5 58. Rxd4 Nc3 59. Rd8 Nxb5 60. Ra8+ Kb4 61. axb5 Rc2 62. Kd1 Rc4 63. Rh8 Kxb5 64. Rh3 Kb4 65. Kd2 b5 66. Rh8 Rc7 67. Ra8 Kb3 68. Rb8 b4 69. Rb6 Ka3 70. Ra6+ Kb2 71. Ra8 Rd7+ 72. Ke1 b3 73. Rb8 Kc2 74. Rc8+ Kb1 75. Rb8 b2 76. Rb6 Ra7 77. Kd2 Ka1 0-1

[Event "ESP-ch rapid"]
[Site "Linares"]
[Date "2019.08.24"]
[Round "5"]
[White "Romero Romero, Sebastian"]
[Black "Santamaria Fernandez, Guillermo"]
[Result "1-0"]
[WhiteElo "2177"]
[BlackElo "2177"]
[PlyCount "71"]
[EventDate "2019.08.24"]
[EventType "swiss (rapid)"]
[EventRounds "9"]
[EventCountry "ESP"]
[SourceTitle "EXT 2020"]
[Source "ChessBase"]
[SourceDate "2019.10.17"]
[SourceVersion "1"]
[SourceVersionDate "2019.10.17"]
[SourceQuality "1"]

1. e4 e5 2. Nf3 Nc6 3. d4 exd4 4. Bc4 Nf6 5. e5 d5 6. Bb5 Ne4 7. Nxd4 Bd7 8. Bxc6 bxc6 9. 0-0 Be7 10. f3 Nc5 11. Nc3 0-0 12. Be3 Ne6 13. Nb3 f6 14. exf6 Bxf6 15. Qd2 Be5 16. f4 Bd6 17. g3 Qe8 18. Rae1 Qh5 19. Nd4 Rae8 20. Nxe6 Rxe6 21. Bxa7 Rg6 22. Bd4 Qh3 23. Qg2 Qxg2+ 24. Kxg2 Rxf4 25. Rxf4 Bxf4 26. Re7 Bf5 27. Rxg7+ Rxg7 28. Bxg7 Bxg3 29. hxg3 Kxg7 30. a4 Bxc2 31. a5 Bd3 32. Na4 c5 33. Nxc5 Bb5 34. Ne6+ Kf6 35. Nxc7 Bc6 36. a6 1-0

[Event "Lorca op 7th"]
[Site "Lorca"]
[Date "2018.12.28"]
[Round "4"]
[White "Low, Zhen Yu Cyrus"]
[Black "Romero Romero, Sebastian"]
[Result "1-0"]
[WhiteElo "2384"]
[BlackElo "2180"]
[PlyCount "69"]
[EventDate "2018.12.26"]
[EventType "swiss"]
[EventRounds "9"]
[EventCountry "ESP"]
[SourceTitle "CBM 188 Extra"]
[Source "ChessBase"]
[SourceDate "2019.02.26"]
[SourceVersion "1"]
[SourceVersionDate "2019.02.26"]
[SourceQuality "1"]

1. e4 c5 2. Nf3 Nc6 3. d4 cxd4 4. Nxd4 Nf6 5. Nc3 e5 6. Ndb5 d6 7. Bg5 a6 8. Na3 b5 9. Bxf6 gxf6 10. Nd5 Bg7 11. c3 Ne7 12. Nc2 f5 13. Nxe7 Qxe7 14. a4 Bb7 15. exf5 0-0 16. Ne3 Rad8 17. Nd5 Qh4 18. axb5 Qe4+ 19. Ne3 d5 20. Qg4 Qxg4 21. Nxg4 h5 22. f6 Bh8 23. bxa6 Ba8 24. Nxe5 Rfe8 25. f4 Bxf6 26. Bb5 Re6 27. 0-0-0 Be7 28. Rhe1 Bc5 29. Kc2 Rb6 30. Bd3 f6 31. Nd7 Rxd7 32. Re8+ Kg7 33. Rxa8 Re6 34. b4 Bb6 35. Bb5 1-0

[Event "Lorca op 7th"]
[Site "Lorca"]
[Date "2018.12.27"]
[Round "2"]
[White "Merario Alarcon, Andres"]
[Black "Romero Romero, Sebastian"]
[Result "1-0"]
[WhiteElo "2404"]
[BlackElo "2180"]
[PlyCount "133"]
[EventDate "2018.12.26"]
[EventType "swiss"]
[EventRounds "9"]
[EventCountry "ESP"]
[SourceTitle "CBM 188 Extra"]
[Source "ChessBase"]
[SourceDate "2019.02.26"]
[SourceVersion "1"]
[SourceVersionDate "2019.02.26"]
[SourceQuality "1"]

1. d4 d5 2. c4 c6 3. Nf3 Nf6 4. Nc3 a6 5. e3 b5 6. b3 Bg4 7. h3 Bxf3 8. gxf3 e6 9. c5 Nbd7 10. f4 g6 11. Qc2 Nh5 12. Bb2 Bg7 13. 0-0-0 0-0 14. h4 a5 15. Kb1 f5 16. Be2 Ndf6 17. Bf3 b4 18. Na4 Rf7 19. Rdg1 Qc7 20. Bc1 Kh8 21. Bd2 Bh6 22. Qc1 Qb7 23. Kc2 Rg7 24. Qf1 Rag8 25. Qd3 Ne4 26. Be1 Nef6 27. Be2 Ra8 28. Bd2 Ne4 29. Be1 Nef6 30. f3 Ne8 31. Qd1 Nc7 32. Bd2 Nb5 33. Qf1 Ra7 34. Nb6 Nc7 35. Qf2 Rg8 36. a3 bxa3 37. Ra1 Nb5 38. Bxb5 cxb5 39. Rxa3 a4 40. bxa4 bxa4 41. Rha1 Qc6 42. Qe2 Rb8 43. Bc3 Bg7 44. Rxa4 Rxa4 45. Nxa4 Nf6 46. Nb6 Nd7 47. Nxd7 Qxd7 48. Qa6 e5 49. fxe5 f4 50. e6 Qc7 51. Qa7 Rb7 52. Qa8+ Rb8 53. Qxd5 fxe3 54. Ra8 Bf6 55. Kd3 Rxa8 56. Qxa8+ Kg7 57. c6 Qf4 58. Qb7+ Kh6 59. c7 Qf5+ 60. Qe4 Qb5+ 61. Kxe3 Qc4 62. Ba5 Qc1+ 63. Kf2 Qb2+ 64. Kg3 Bxd4 65. Qf4+ Kg7 66. Qf7+ Kh6 67. Bd2+ 1-0

[Event "ESP-ch 83rd"]
[Site "Linares"]
[Date "2018.08.26"]
[Round "7"]
[White "Argibay Fontan, Santiago"]
[Black "Romero Romero, Sebastian"]
[Result "0-1"]
[WhiteElo "1788"]
[BlackElo "2171"]
[PlyCount "76"]
[EventDate "2018.08.20"]
[EventType "swiss"]
[EventRounds "9"]
[EventCountry "ESP"]
[SourceTitle "CBM 186 Extra"]
[Source "ChessBase"]
[SourceDate "2018.08.24"]
[SourceVersion "1"]
[SourceVersionDate "2018.08.24"]
[SourceQuality "1"]

1. Nf3 d6 2. g3 f5 3. Bg2 Nf6 4. d4 g6 5. 0-0 Bg7 6. c4 0-0 7. Nc3 c6 8. Qc2 Na6 9. a3 Be6 10. b3 Kh8 11. e3 Rc8 12. Bb2 Qd7 13. Ng5 Nc7 14. Nxe6 Nxe6 15. Rad1 d5 16. c5 Nh5 17. Bf3 f4 18. Bxh5 gxh5 19. exf4 Nxd4 20. Qd3 e5 21. Ne2 e4 22. Qxd4 Bxd4 23. Nxd4 Kg8 24. Kg2 Rce8 25. Rfe1 Qg4 26. h3 Qg6 27. Bc1 Rf6 28. Be3 Kf7 29. h4 Qg4 30. b4 Rg8 31. Kh2 Qd7 32. a4 Rfg6 33. Rb1 Rg4 34. Rg1 Qd8 35. Kh3 Qd7 36. Kh2 b6 37. cxb6 axb6 38. Rgc1 Rxh4+ 0-1

[Event "ESP-ch 83rd"]
[Site "Linares"]
[Date "2018.08.23"]
[Round "4"]
[White "Romero Romero, Sebastian"]
[Black "Lianes Garcia, Marcos"]
[Result "0-1"]
[WhiteElo "2171"]
[BlackElo "2340"]
[PlyCount "92"]
[EventDate "2018.08.20"]
[EventType "swiss"]
[EventRounds "9"]
[EventCountry "ESP"]
[SourceTitle "CBM 186 Extra"]
[Source "ChessBase"]
[SourceDate "2018.08.24"]
[SourceVersion "1"]
[SourceVersionDate "2018.08.24"]
[SourceQuality "1"]

1. d4 Nf6 2. Nf3 e6 3. g3 d5 4. c4 dxc4 5. Bg2 Nc6 6. 0-0 Rb8 7. e3 Be7 8. Qe2 b5 9. b3 cxb3 10. axb3 0-0 11. Bd2 Bb7 12. Rc1 a6 13. Ne1 Nd5 14. Nd3 Qd7 15. Nc3 Ndb4 16. Nf4 e5 17. dxe5 Nxe5 18. e4 Nbd3 19. Rd1 Nxf4 20. Bxf4 Qe6 21. Nd5 Bd6 22. h3 Rfe8 23. Be3 Nd7 24. Qc2 Rbc8 25. Kh2 Nf6 26. Nxf6+ Qxf6 27. Rac1 Qe6 28. h4 Rb8 29. f3 f5 30. Bh3 Qf7 31. Bxf5 g6 32. Bg4 h5 33. Bh3 Qxf3 34. e5 Be4 35. Qf2 Rxe5 36. b4 Rf8 37. Qa2+ Kh7 38. Rxd6 cxd6 39. Rf1 Qxf1 40. Bxf1 Rxf1 41. g4 Bd5 42. Qxa6 Rh1+ 43. Kg3 Rxe3+ 44. Kf4 Re4+ 45. Kg3 Rxg4+ 46. Kf2 Rh2+ 0-1

[Event "Seville op 41st"]
[Site "Seville"]
[Date "2016.01.15"]
[Round "8.10"]
[White "Romero Romero, Sebastian"]
[Black "Sundararajan, Kidambi"]
[Result "1/2-1/2"]
[WhiteElo "2138"]
[BlackElo "2508"]
[PlyCount "81"]
[EventDate "2016.01.08"]
[EventType "swiss"]
[EventRounds "9"]
[EventCountry "ESP"]
[SourceTitle "CBM 170 Extra"]
[Source "ChessBase"]
[SourceDate "2016.02.25"]
[SourceVersion "1"]
[SourceVersionDate "2016.02.25"]
[SourceQuality "1"]

1. e4 e6 2. d4 d5 3. Nd2 c5 4. Ngf3 Nc6 5. exd5 exd5 6. Bb5 Bd6 7. dxc5 Bxc5 8. 0-0 Nge7 9. Nb3 Bd6 10. Re1 0-0 11. h3 Bf5 12. Bd3 Qd7 13. Nbd4 Bg6 14. c3 Rfe8 15. Bg5 Rac8 16. Bxg6 Nxg6 17. Qd3 h6 18. Qf5 Qxf5 19. Nxf5 Bf8 20. Be3 Red8 21. Rad1 Rd7 22. Re2 Rcd8 23. Red2 b5 24. N3d4 Nxd4 25. Nxd4 Ne5 26. b3 a6 27. Ne2 b4 28. Bf4 Nc6 29. cxb4 Bxb4 30. Rc2 Ne7 31. Nd4 a5 32. Kf1 a4 33. bxa4 Ra8 34. Bd2 Bxd2 35. Rcxd2 Rxa4 36. Nb5 Ra5 37. Nc3 Ra3 38. Nxd5 Nxd5 39. Rxd5 Rxd5 40. Rxd5 Rxa2 41. g3 1/2-1/2

[Event "Andalucia-ch"]
[Site "Lucena"]
[Date "2012.04.30"]
[Round "8"]
[White "Zarandieta Lopera, Victor"]
[Black "Romero Romero, Sebastian"]
[Result "0-1"]
[WhiteElo "2042"]
[BlackElo "2109"]
[PlyCount "88"]
[EventDate "2012.04.26"]
[EventType "swiss"]
[EventRounds "9"]
[EventCountry "ESP"]
[SourceTitle "EXT 2013"]
[Source "ChessBase"]
[SourceDate "2012.11.22"]
[SourceVersion "1"]
[SourceVersionDate "2012.11.22"]
[SourceQuality "1"]

1. c4 c6 2. Nf3 Nf6 3. e3 d5 4. Qc2 a6 5. b3 g6 6. Bb2 Bg7 7. Be2 Bf5 8. d3 0-0 9. Nbd2 dxc4 10. bxc4 c5 11. 0-0 Nc6 12. Bc3 Qc7 13. Qb2 Rfd8 14. e4 Be6 15. Ng5 Nd4 16. Ndf3 Nxe2+ 17. Qxe2 Bg4 18. h3 Bc8 19. Be5 Qa5 20. Ne1 h6 21. Ngf3 b5 22. Nd2 Bb7 23. Nb3 Qb6 24. Rc1 b4 25. Qe3 Rac8 26. Nc2 Ng4 27. hxg4 Bxe5 28. Rfd1 a5 29. Qxh6 a4 30. Nxc5 Bg7 31. Nxa4 Qa5 32. Qd2 Qxa4 33. Qxb4 Qd7 34. Ne3 e6 35. Rb1 Bc6 36. g5 Bd4 37. Ng4 Kg7 38. Qd2 e5 39. Nf6 Qe6 40. g3 Rh8 41. Kg2 Qh3+ 42. Kf3 Rh4 43. Ke2 Qg2 44. Rf1 Rh3 0-1

[Event "ESP-chT Gp1"]
[Site "Burguillos"]
[Date "2008.08.17"]
[Round "6"]
[White "Espinosa Aranda, Angel"]
[Black "Romero Romero, Sebastian"]
[Result "0-1"]
[WhiteElo "2313"]
[BlackElo "2089"]
[PlyCount "132"]
[EventDate "2008.08.13"]
[EventType "team"]
[EventRounds "6"]
[EventCountry "ESP"]
[SourceTitle "CBM 126 Extra"]
[Source "ChessBase"]
[SourceDate "2008.11.05"]
[SourceVersion "1"]
[SourceVersionDate "2008.11.05"]
[SourceQuality "1"]

1. e4 c5 2. Nf3 Nc6 3. Nc3 Nf6 4. d4 cxd4 5. Nxd4 e5 6. Ndb5 d6 7. Bg5 a6 8. Na3 b5 9. Nd5 Be7 10. Bxf6 Bxf6 11. c4 b4 12. Nc2 a5 13. g3 Ne7 14. Nxe7 Bxe7 15. Bg2 0-0 16. 0-0 Bg5 17. Qd3 Be6 18. Rad1 Qb6 19. b3 Rad8 20. Kh1 Bh6 21. Qe2 Kh8 22. f4 f6 23. Ne3 Qc5 24. Rf3 Rd7 25. h3 Ra8 26. f5 Bf7 27. Ng4 Bg5 28. Rfd3 h5 29. h4 Bxh4 30. gxh4 hxg4 31. Qxg4 Bg8 32. Qe2 Bf7 33. Bf3 Kg8 34. Qd2 Rad8 35. Rg1 Kf8 36. Qg2 Ke7 37. Qh2 Rg8 38. Be2 Qc6 39. Bf3 Qc5 40. Bd1 Rdd8 41. Rdg3 Qd4 42. Bc2 Rh8 43. Rd1 Qb2 44. Rxg7 Qxa2 45. Qg2 Rdg8 46. Rxg8 Rxg8 47. Qd2 Rd8 48. c5 d5 49. h5 d4 50. h6 d3 51. Bxd3 Qxd2 52. Rxd2 Bxb3 53. c6 Bg8 54. c7 Rc8 55. Rg2 b3 56. Ba6 b2 57. Rxb2 Rxc7 58. Rb8 Bh7 59. Bb7 a4 60. Bd5 Kd6 61. Rb6+ Kc5 62. Rxf6 a3 63. Rf7 Rxf7 64. Bxf7 Kd6 65. f6 Bxe4+ 66. Kg1 Bd5 0-1

[Event "Coria del Rio op 11th"]
[Site "Coria del Rio"]
[Date "2005.02.13"]
[Round "4"]
[White "Razmyslov, Alexander"]
[Black "Romero Romero, Sebastian"]
[Result "1-0"]
[WhiteElo "2307"]
[BlackElo "2049"]
[PlyCount "51"]
[EventDate "2005.02.10"]
[EventType "swiss"]
[EventRounds "9"]
[EventCountry "ESP"]
[SourceTitle "CBM 104 Extra"]
[Source "ChessBase"]
[SourceDate "2005.03.01"]
[SourceVersion "1"]
[SourceVersionDate "2005.03.01"]
[SourceQuality "1"]

1. Nf3 Nf6 2. g3 d5 3. Bg2 Bf5 4. c4 c6 5. d4 e6 6. Nc3 Be7 7. 0-0 h6 8. Ne5 0-0 9. b3 Nbd7 10. Bb2 Qc7 11. Nd3 Rad8 12. Rc1 dxc4 13. bxc4 Qb6 14. e4 Bh7 15. Re1 Ne8 16. Na4 Qa6 17. Qb3 b5 18. cxb5 cxb5 19. Nac5 Qb6 20. Nxd7 Rxd7 21. Ne5 Rc7 22. Rxc7 Nxc7 23. Rc1 Qb7 24. Nc6 Re8 25. d5 Bf8 26. d6 1-0